| 000 | 00440nam a2200169Ia 4500 | ||
|---|---|---|---|
| 008 | 220216s9999 xx 000 0 und d | ||
| 100 | _aGireesh T | ||
| 245 | 0 | _aNannoru parampara rubberinangal: Vankida thottangalil ninnulla aadya phalangal | |
| 260 |
_bRubber _c2008 |
||
| 300 | _a13-14. | ||
| 650 | _aRRII 400 series | ||
| 700 | _aJohn A | ||
| 700 | _aMeenakumari T | ||
| 700 | _aSoman T A | ||
| 700 | _aVarghese Y A | ||
| 942 | _cML | ||
| 999 |
_c72844 _d72844 |
||